A handbook of the dragonflies of North America,
Saved in:
| Main Authors: | , , |
|---|---|
| Format: | Book |
| Language: | English |
| Published: |
Sringfield, Ill., Baltimore, Md.,
C.C. Thomas,
1929.
|
| Subjects: | |
| Tags: |
Add Tag
No Tags, Be the first to tag this record!
|
| LEADER | 01401cam a2200349I 4500 | ||
|---|---|---|---|
| 001 | 005281596-X | ||
| 005 | 20160409130943.0 | ||
| 008 | 740318s1929 ilua b 000 0 eng | ||
| 010 | |a 29017053 | ||
| 035 | 0 | |a ocm00832464 | |
| 040 | |a DLC |c WOO |d CHS |d OCL |d HMZ | ||
| 043 | |a n------ | ||
| 050 | 0 | |a QL513.O2 |b N45 | |
| 060 | 4 | |a QL 520.3 N374h 1929 | |
| 100 | 1 | |a Needham, James G. |q (James George), |d 1868-1957. | |
| 245 | 0 | 2 | |a A handbook of the dragonflies of North America, |c by James G. Needham and Hortense Butler Heywood, assisted by specialists in certain groups. |
| 260 | |a Sringfield, Ill., Baltimore, Md., |b C.C. Thomas, |c 1929. | ||
| 300 | |a viii, 378 p., 1 ℓ. |b illus. |c 25 cm. | ||
| 504 | |a Bibliography: p. 359-365. | ||
| 650 | 0 | |a Neuroptera. | |
| 651 | 2 | |a North America. | |
| 650 | 0 | |a Dragonflies. | |
| 650 | 0 | |a Neuroptera |z North America. | |
| 651 | 2 | |a North America. | |
| 650 | 2 | |a Neuroptera |z North America. | |
| 700 | 1 | |a Heywood, Mrs. Hortense Butler, |e joint author. | |
| 776 | 0 | 8 | |i Online version: |a Needham, James G. (James George), 1868-1956. |t Handbook of the dragonflies of North America. |d Sringfield, Ill., Baltimore, Md., C.C. Thomas, 1929 |w (OCoLC)626779475 |
| 700 | 1 | |a Heywood, Mrs. Hortense Butler, |e author. | |
| 700 | 1 | |a Heywood, Hortense Butler, |d 1884-1977, |e joint author. | |
| 700 | 1 | |a Heywood, Hortense Butler, |d 1884-1977, |e author. | |
| 988 | |a 20020608 | ||
| 906 | |0 DLC | ||


